[Event "DSOL 08 Liga Gr-A 1st"]
[Site "Playchess.com INT"]
[Date "2020.08.12"]
[Round "2.2"]
[White "Hirschfelder, Kai"]
[Black "Mesina, David"]
[Result "1-0"]
[WhiteElo "1341"]
[BlackElo "1167"]
[PlyCount "45"]
[EventDate "2020.06.22"]
[EventType "team-tourn (rapid)"]
[EventCountry "GER"]
[SourceTitle "EXT 2021"]
[Source "ChessBase"]
[SourceDate "2020.10.23"]
[SourceVersion "1"]
[SourceVersionDate "2020.10.23"]
[SourceQuality "1"]
[WhiteTeam "Kreuzberg III"]
[BlackTeam "Herzogenaurach III"]
[WhiteTeamCountry "GER"]
[BlackTeamCountry "GER"]

1. d4 d5 2. Bf4 Nc6 3. e3 Bf5 4. Nf3 Nf6 5. Bd3 Ne4 6. Nbd2 Nxd2 7. Qxd2 Bxd3 8. Qxd3 e6 9. Ne5 f5 10. Nxc6 bxc6 11. Be5 c5 12. 0-0 Rb8 13. Rab1 cxd4 14. Qxd4 Qd6 15. Bxd6 Bxd6 16. Qxg7 Rf8 17. Qxh7 Be7 18. Qg6+ Kd7 19. Rfd1 c6 20. b3 Rh8 21. c4 Rbg8 22. Qf7 Rh4 23. Qxg8 1-0